000 00681nam a2200241Ia 4500
005 20250425162319.0
008 250425s9999 xx 000 0 und d
020 _a1589065824
041 _aeng
082 _a332.042
100 _aINTERNATIONAL, MONETARY FUN
245 0 _aGLOBAL FINANCIAL STABILITY REPORT: MARKET DEVELOPMENT AND ISSUES
250 _aS.E.
260 _aEstados Unidos
_bINTERNATIONAL MONETARY FUND
_c2006
260 _aWASHINGTON
300 _a135
500 _aWORLD ECONOMIC AND FINANCIAL SURVEYS SEPTEMBER 2006
650 _aECONOMIA MUNDIAL
650 _aMERCADO
710 _aINTERNATIONAL MONETARY FUND
942 _c01
010 _a61092
999 _c226672
_d226672